Poesía viva del Ecuador : (Registro nro. 83740)
[ vista simple ]
| 000 -CABECERA | |
|---|---|
| Longitud fija campo de control | 02607nam a2200337Ia 4500 |
| 001 - NÚMERO DE CONTROL | |
| Número de control | 364438 |
| 003 - IDENTIFICADOR DEL NÚMERO DE CONTROL | |
| Identificador del número de control | EC-QuCCB |
| 005 - FECHA Y HORA DE LA ÚLTIMA TRANSACCIÓN | |
| Fecha y hora de la última transacción | 20260324122727.0 |
| 007 - CAMPO FIJO DE DESCRIPCIÓN FÍSICA--INFORMACIÓN GENERAL | |
| Campo fijo de descripción física | ta |
| 008 - DATOS DE LONGITUD FIJA--INFORMACIÓN GENERAL | |
| Códigos de información de longitud fija | 260324s1990 ec gr 001 pdspa d |
| 020 ## - NÚMERO INTERNACIONAL ESTÁNDAR DEL LIBRO | |
| Número Internacional Normalizado para Libros (ISBN) | 9978-83-028-6 |
| 040 ## - FUENTE DE LA CATALOGACIÓN | |
| Centro catalogador de origen | EC-QuCCB |
| 041 0# - CÓDIGO DE LENGUA | |
| Código de lengua del texto;banda sonora o título independiente | spa |
| 082 ## - NÚMERO DE LA CLASIFICACIÓN DECIMAL DEWEY | |
| Número de clasificación | Ec861 |
| Número de documento | A241 |
| -- | 1990 |
| 100 1# - ENTRADA PRINCIPAL--NOMBRE DE PERSONA | |
| 9 (RLIN) | 222 |
| Nombre de persona | Adoum, Jorge Enrique, |
| Fechas asociadas con el nombre | 1926-2009 |
| 245 10 - MENCIÓN DE TÍTULO | |
| Título | Poesía viva del Ecuador : |
| Parte restante del título | siglo XX |
| Mención de responsabilidad, etc. | Jorge Enrique Adoum |
| 250 ## - MENCIÓN DE EDICIÓN | |
| Mención de edición | Primera edición |
| 260 ## - PUBLICACIÓN, DISTRIBUCIÓN, ETC. (PIE DE IMPRENTA) | |
| Lugar de publicación, distribución, etc. | Quito, Ecuador : |
| Nombre del editor, distribuidor, etc. | Grijalbo, |
| Fecha de publicación, distribución, etc. | 1990 |
| 300 ## - DESCRIPCIÓN FÍSICA | |
| Extensión | 285 páginas ; |
| Dimensiones | 20 cm |
| 336 ## - TIPO DE CONTENIDO | |
| Content type term | texto |
| Content type code | txt |
| 337 ## - TIPO DE MEDIO | |
| Media type term | no mediado |
| Media type code | n |
| 338 ## - TIPO DE PORTADOR | |
| Carrier type term | volumen |
| Carrier type code | nc |
| 490 ## - MENCIÓN DE SERIE | |
| Mención de serie | El Espejo de Tinta |
| 504 ## - NOTA DE BIBLIOGRAFÍA, ETC. | |
| Nota de bibliografía, etc. | Bibliografía : página 281 |
| 505 1# - NOTA DE CONTENIDO CON FORMATO | |
| Nota de contenido con formato preestablecido | Humberto Fierro -- Ernesto Noboa -- Arturo Borja -- Medardo Ángel Silva -- Alfonso Moreno -- José María Egas -- Remigio Romero y Cordero -- Miguel Ángel León -- Aurora Estrada y Ayala -- Hugo Mayo -- César Andrade y Cordero -- Miguel Ángel Zambrano, Gonzalo Escudero, Jorge Carrera Andrade, Alfredo Gangotena, Jorge Reyes, Augusto Sacoto, Ignacio Lasso, José Llerena, Adalberto Ortiz, Pedro Jorge Vera, Alejandro Carrión, César Dávila Andrade, Edgar Ramírez Estrada y otros<br/><br/><br/> |
| 520 ## - SUMARIO, ETC. | |
| Sumario, etc, | Ninguna antología puede prescindir de los gustos personales del antólogo. En la presente selección de poesía ecuatoriana, Jorge Enrique Adoum reconoce aquella forzosa realidad después de explicar en detalle los criterios de su trabajo. Entre ellos, el de la "poesía viva" no sólo fundamenta la obra en el fenómeno de la recepción, cuya importancia ha sido destacada por sólidas tendencias de la crítica contemporánea, sino asegura también para sus páginas una exigente muestra de poesía ecuatoriana, ideal para todo lector que busque una imagen viva y completa del género en el Ecuador. La selección de autores y textos va precedida de un sugestivo estudio acerca de la poesía ecuatoriana. El estudio se detiene con amplitud en el comienzo de la poesía ecuatoriana viva, la poesía modernista, y discute el aporte de la tendencia al curso posterior de nuestra poesía. El lector hallará también verdadera nove-dad en la valoración que Adoum hace de un poco estudiado momento de renovación, gracias a la obra de poetas como Ignacio Lasso, Jorge Reyes, Augusto Sacoto Arias o José Alfredo Llerena, en quienes pueden hallarse formas poéticas que parecerían más propias de años recientes. |
| 590 ## - NOTA LOCAL (RLIN) | |
| Nota local | bgg |
| 650 #0 - PUNTO DE ACCESO ADICIONAL DE MATERIA--TÉRMINO DE MATERIA | |
| Nombre de materia o nombre geográfico como elemento de entrada | Poesía ecuatoriana |
| 9 (RLIN) | 19883 |
| Subdivisión de forma | Antologías |
| Nombre de materia o nombre geográfico como elemento de entrada | Literatura ecuatoriana |
| 9 (RLIN) | 13880 |
| 942 ## - ELEMENTOS DE PUNTO DE ACCESO ADICIONAL (KOHA) | |
| Fuente de clasificaión o esquema | Dewey Decimal Classification |
| Koha [por defecto] tipo de item | Monografía |
| Suprimido | Perdido | Fuente de clasificación o esquema | Estropeado | Restricciones de uso | No se presta | Koha Colección | Localización (Biblioteca) | Localización actual | Localización en estanterías | Fecha adquisición | Fuente de adquisición | Serie de enumeración ; cronología | Préstamos totales | Clasificación completa | Designación de pieza (código de barras) | Fecha última consulta | Número de ejemplar | Fecha del precio de reemplazo | Tipo de item de Koha |
|---|---|---|---|---|---|---|---|---|---|---|---|---|---|---|---|---|---|---|---|
| Disponible | Dewey Decimal Classification | Sin daños | Sin restricciones de uso | Disponible para préstamo | LENGUAS y LITERATURA | Biblioteca y Archivo de la CCE | Biblioteca y Archivo de la CCE | LENGUAS y LITERATURA | 24/03/2026 | Donación Dietlind Brehme | 1990 | Ec861 A241 | 0014873 | 24/03/2026 | Ej. 1 | 24/03/2026 | Monografía |























